Toutes les Miss France - Statistiques

Statistiques générales
  • Ce quiz a été pris 992 fois
    497 depuis la dernière actualisation
  • Le résultat moyen est 30 sur 76
Statistiques - réponses
Hint Années Miss France % Correct
67 2016 Iris Mittenaere
92%
75 2024 Eve Gilles
87%
66 2015 Camille Cerf
85%
53 2002 Sylvie Tellier
84%
69 2018 Maëva Coucke
81%
72 2021 Amandine Petit
78%
70 2019 Vaimalama Chaves
75%
76 2025 Angélique Angarni Filopon
74%
73 2022 Diane Leyre
74%
39 1988 Sylvie Bertin
73%
30 1979 Sylvie Parera
73%
8 1957 Sylvie Rosine Numez
73%
71 2020 Clémence Botino
71%
74 2023 Indira Ampiot
70%
64 2013 Marine Lorphelin
69%
63 2012 Delphine Wespiser
67%
52 2001 Elodie Gossuin
67%
68 2017 Alicia Aylies
64%
65 2014 Flora Coquerel
63%
59 2008 Valérie Bègue
62%
62 2011 Laury Thilleman
61%
61 2010 Malika Ménard
57%
37 1986 Valérie Pascal
57%
45 1994 Valérie Claisse
56%
51 2000 Sonia Rolland
54%
58 2007 Rachel Legrain
53%
60 2009 Chloé Mortaud
50%
57 2006 Alexandra Rosenfeld
49%
56 2005 Cindy Fabre
48%
38 1987 Nathalie Marguay
48%
49 1998 Sophie Thalmann
47%
26 1975 Sophie Perin
46%
50 1999 Mareva Galanter
42%
42 1991 Mareva Georges
40%
54 2003 Corinne Coman
38%
55 2004 Laetitia Bléger
35%
47 1996 Laure Belleville
33%
43 1992 Linda Hardy
33%
18 1967 Jeanne Beck
28%
44 1993 Véronique de la Cruz Frazer
26%
28 1977 Véronique Fagot
26%
6 1955 Véronique Zuber
26%
17 1966 Monique Boucher
25%
32 1981 Isabelle Bernard
24%
24 1973 Isabelle Krumacker
24%
10 1959 Monique Chiron
24%
13 1962 Monique Lemaire
24%
9 1958 Monique Negler
24%
27 1976 Monique Uldaric
24%
31 1980 Patricia Barzyc
24%
48 1997 Patricia Spehar
24%
19 1968 Christiane Lillio
22%
16 1965 Christiane Sibellin
22%
23 1972 Chantal Bouvier
20%
35 1984 Martine Robine
20%
11 1960 Brigitte Barazer de Lannurien
18%
29 1978 Brigitte Konjovic
18%
41 1990 Gaëlle Voiry
17%
21 1970 Michelle Beaurain
17%
40 1989 Peggy Zlotkowski
17%
15 1964 Jacqueline Gayraud
16%
34 1983 Frédérique Leroy
15%
2 1951 Nicole Drouin
15%
46 1995 Mélody Vilbert
14%
20 1969 Suzanne Angly
14%
36 1985 Suzanne Iskandar
14%
33 1982 Sabrina Belleval
13%
7 1956 Gisèle Charbit
12%
22 1971 Myriam Stocco
12%
4 1953 Sylviane Carpentier
12%
3 1952 Josiane Pouy
11%
1 1950 Maryse Delort
11%
5 1954 Irène Tunc
10%
12 1961 Luce Auger
10%
14 1963 Muguette Fabris
10%
25 1974 Edna Tevapa
9%
Aucun quiz correspondant
Distribution des résultats
% des personnes avec chaque résultat
Percentile par nombre de réponses
Votre historique - résultats
Vous n’avez pas pris ce quiz depuis la dernière actualisation